[Event "2. Open Patrimonio de la Humanidad"]
[Site "Alcalá de Henares ESP"]
[Date "2007.10.12"]
[Round "7.22"]
[White "Martinez Escribano, Jose Angel"]
[Black "Lacrosse, Marc"]
[Result "0-1"]
[WhiteElo "2027"]
[BlackElo "2254"]
[PlyCount "80"]
[EventDate "2007.10.07"]
[EventType "swiss"]
[EventRounds "9"]
[EventCountry "ESP"]
[Source "lmi"]
[SourceDate "2007.10.07"]

1. e4 e5 2. Nf3 Nc6 3. Bb5 a6 4. Ba4 Nf6 5. O-O b5 6. Bb3 Bc5 7. c3 d6 8. a4
Bg4 9. d3 h6 10. Qe2 O-O 11. h3 Bh5 12. Be3 Bxe3 13. Qxe3 Na5 14. Bc2 c5 15.
Nbd2 Qc7 16. Nh4 Nc6 17. f4 exf4 18. Rxf4 Nh7 19. Nf5 Bg6 20. Bb3 Rae8 21. axb5
axb5 22. Nf3 Bxf5 23. Rxf5 Ne7 24. Rf4 c4 25. Ra7 Qc8 26. dxc4 bxc4 27. Ba4 Nd5
28. Bxe8 Nxe3 29. Bxf7+ Kh8 30. Nh4 Nf6 31. Ng6+ Kh7 32. Rxf6 Rxf7 33. Rfxf7
Kxg6 34. Rxg7+ Kh5 35. Ra5+ d5 36. exd5 Qd8 37. Raa7 Nxd5 38. Rab7 Qd6 39. Kh1
Qe5 40. Rb5 Qxg7 0-1

[Event "2. Open Patrimonio de la Humanidad"]
[Site "Alcalá de Henares ESP"]
[Date "2007.10.12"]
[Round "7.23"]
[White "Sanchez, Nicolas"]
[Black "Vazquez Gonzalez, Jesus"]
[Result "1-0"]
[WhiteElo "2201"]
[BlackElo "2049"]
[PlyCount "65"]
[EventDate "2007.10.07"]
[EventType "swiss"]
[EventRounds "9"]
[EventCountry "ESP"]
[Source "lmi"]
[SourceDate "2007.10.07"]

1. d4 d5 2. Nf3 Nf6 3. c4 c6 4. Nc3 e6 5. Bg5 Nbd7 6. cxd5 exd5 7. e3 Be7 8.
Bd3 h6 9. Bh4 O-O 10. Qc2 Re8 11. O-O Ne4 12. Bxe7 Qxe7 13. Rab1 f5 14. Rfe1
Ndf6 15. Ne5 Ng4 16. f4 Nxe5 17. dxe5 Be6 18. b4 Rec8 19. Ne2 c5 20. bxc5 Rxc5
21. Qb2 b6 22. Nd4 Rac8 23. Rbc1 g6 24. Nb3 Rxc1 25. Rxc1 Rxc1+ 26. Qxc1 Nc5
27. Qa3 Kf7 28. Nd4 Nxd3 29. Qxd3 Qc5 30. Kf2 h5 31. Qa6 Qc7 32. Qa3 a5 33.
Qf8+ 1-0

[Event "2. Open Patrimonio de la Humanidad"]
[Site "Alcalá de Henares ESP"]
[Date "2007.10.12"]
[Round "7.24"]
[White "Wehmeier, Manuel"]
[Black "Sanchez Gonzalez, Sergio"]
[Result "0-1"]
[WhiteElo "2013"]
[BlackElo "2177"]
[PlyCount "96"]
[EventDate "2007.10.07"]
[EventType "swiss"]
[EventRounds "9"]
[EventCountry "ESP"]
[Source "lmi"]
[SourceDate "2007.10.07"]

1. d4 Nf6 2. c4 e6 3. Nc3 Bb4 4. f3 b6 5. e4 O-O 6. Bd3 d5 7. cxd5 exd5 8. e5
Nh5 9. Nge2 Qh4+ 10. g3 Qh3 11. Kf2 Bxc3 12. bxc3 g6 13. Ng1 Qd7 14. g4 Ng7 15.
Bg5 Qc6 16. Qb3 Nd7 17. Bb5 Qe6 18. Ne2 Bb7 19. Nf4 Qe8 20. Nxd5 c6 21. Ne7+
Kh8 22. Nxc6 a6 23. Ba4 b5 24. Na5 Bxf3 25. Kxf3 bxa4 26. Qc2 f6 27. exf6 Nxf6
28. Bxf6 Rxf6+ 29. Kg2 Qb5 30. Rhe1 Qxa5 31. Re5 Qc7 32. Rae1 Rc8 33. R1e3 Rc6
34. Qxa4 Rxc3 35. Qxa6 Rxe3 36. Rxe3 Rb8 37. Qf6 Qc2+ 38. Qf2 Rb2 39. Rf3 Qxf2+
40. Rxf2 Rb8 41. Rd2 Ne6 42. Kf3 Kg7 43. Ke4 Kf6 44. h4 Ke7 45. d5 Nc5+ 46. Kd4
Kd6 47. Rf2 Rb4+ 48. Kc3 Rxg4 0-1

[Event "2. Open Patrimonio de la Humanidad"]
[Site "Alcalá de Henares ESP"]
[Date "2007.10.12"]
[Round "7.25"]
[White "Perez De Aranda, Leonardo Ivan"]
[Black "Toranzo Fernandez, Dionisio"]
[Result "1-0"]
[WhiteElo "2167"]
[BlackElo "2009"]
[PlyCount "57"]
[EventDate "2007.10.07"]
[EventType "swiss"]
[EventRounds "9"]
[EventCountry "ESP"]
[Source "lmi"]
[SourceDate "2007.10.07"]

1. e4 c5 2. c4 Nc6 3. Nc3 Nf6 4. g3 e6 5. Bg2 d5 6. exd5 exd5 7. Nxd5 Nxd5 8.
Bxd5 Nb4 9. Be4 Nd3+ 10. Bxd3 Qxd3 11. Qe2+ Qxe2+ 12. Nxe2 Be7 13. O-O Be6 14.
d3 g5 15. Be3 O-O-O 16. Rad1 Rd7 17. b3 Bg4 18. f3 Bh3 19. Rfe1 Rhd8 20. Nc3 h6
21. Nd5 Bf8 22. d4 b6 23. dxc5 bxc5 24. Bd2 Bg7 25. Be3 Bf8 26. Nc3 Rxd1 27.
Rxd1 Rxd1+ 28. Nxd1 Kd7 29. g4 1-0

[Event "2. Open Patrimonio de la Humanidad"]
[Site "Alcalá de Henares ESP"]
[Date "2007.10.12"]
[Round "7.26"]
[White "Lopez-andujar Ocaña, Antonio"]
[Black "Garcia Roman, Jose Luis Machado"]
[Result "1-0"]
[WhiteElo "2162"]
[BlackElo "1991"]
[PlyCount "45"]
[EventDate "2007.10.07"]
[EventType "swiss"]
[EventRounds "9"]
[EventCountry "ESP"]
[Source "lmi"]
[SourceDate "2007.10.07"]

1. e4 c5 2. Nf3 Nc6 3. c3 g6 4. d4 e6 5. Be2 Nf6 6. e5 Nh5 7. O-O d5 8. Be3 Qb6
9. Qd2 Ng7 10. dxc5 Bxc5 11. Bxc5 Qxc5 12. b4 Qb6 13. b5 Na5 14. c4 dxc4 15.
Rd1 O-O 16. Nc3 f6 17. exf6 Rxf6 18. Ne4 Rf8 19. Qg5 Qc7 20. Nf6+ Kh8 21. Qh6
Rxf6 22. Ng5 Ne8 23. Rd8 1-0

[Event "2. Open Patrimonio de la Humanidad"]
[Site "Alcalá de Henares ESP"]
[Date "2007.10.12"]
[Round "7.27"]
[White "Laurentiu, Burlacu"]
[Black "Ivanovitch Balsinde, Nicolas M"]
[Result "0-1"]
[WhiteElo "2009"]
[BlackElo "2151"]
[PlyCount "84"]
[EventDate "2007.10.07"]
[EventType "swiss"]
[EventRounds "9"]
[EventCountry "ESP"]
[Source "lmi"]
[SourceDate "2007.10.07"]

1. e4 e5 2. Nf3 Nc6 3. Bb5 a6 4. Ba4 Nf6 5. O-O Bc5 6. c3 b5 7. Bc2 d6 8. h3 h6
9. d4 Bb6 10. d5 Ne7 11. b3 g5 12. Nh2 Ng6 13. Be3 Nf4 14. Bxb6 cxb6 15. Nd2
Rg8 16. f3 h5 17. Qe1 g4 18. fxg4 hxg4 19. Rxf4 exf4 20. e5 dxe5 21. Qxe5+ Qe7
22. Qxf4 gxh3 23. Ne4 Rxg2+ 24. Kf1 Nxe4 25. Bxe4 Qg5 26. Qxg5 Rxg5 27. Nf3 Rh5
28. Re1 Kf8 29. d6 Rb8 30. Bc6 Bb7 31. Bxb7 Rxb7 32. Kg1 Rd7 33. Rd1 Rh6 34.
Kh2 Rdxd6 35. Rf1 Rdf6 36. Kg3 Rf5 37. Rh1 Rg6+ 38. Kf2 Rg2+ 39. Ke3 Rg3 40.
Rf1 h2 41. Ke4 Rfxf3 42. Rxf3 h1=Q 0-1

[Event "2. Open Patrimonio de la Humanidad"]
[Site "Alcalá de Henares ESP"]
[Date "2007.10.12"]
[Round "7.28"]
[White "Crespo Villalba, Israel"]
[Black "Serafimov, Tervel"]
[Result "0-1"]
[WhiteElo "1952"]
[BlackElo "2379"]
[PlyCount "58"]
[EventDate "2007.10.07"]
[EventType "swiss"]
[EventRounds "9"]
[EventCountry "ESP"]
[Source "lmi"]
[SourceDate "2007.10.07"]

1. e4 c5 2. Nf3 e6 3. d3 Nc6 4. Nbd2 d5 5. g3 Nf6 6. Bg2 Be7 7. O-O O-O 8. c3
b5 9. a4 b4 10. e5 Nd7 11. d4 bxc3 12. bxc3 Ba6 13. Re1 Rc8 14. c4 dxc4 15. d5
exd5 16. e6 fxe6 17. Rxe6 Bf6 18. Ng5 Bxg5 19. Bxd5 Kh8 20. Bxc6 Rf6 21. Qe1
Rxe6 22. Qxe6 Nf8 23. Qd5 Qxd5 24. Bxd5 Bxd2 25. Bxd2 Rd8 26. Bxc4 Bxc4 27. Be3
Ne6 28. Bxc5 Nxc5 29. Rc1 Rd4 0-1

[Event "2. Open Patrimonio de la Humanidad"]
[Site "Alcalá de Henares ESP"]
[Date "2007.10.12"]
[Round "7.29"]
[White "Gomez Gonzalez, Javier"]
[Black "Collado Barbas, Laura"]
[Result "0-1"]
[WhiteElo "2085"]
[BlackElo "1940"]
[PlyCount "145"]
[EventDate "2007.10.07"]
[EventType "swiss"]
[EventRounds "9"]
[EventCountry "ESP"]
[Source "lmi"]
[SourceDate "2007.10.07"]

1. Nf3 d5 2. e3 c6 3. b3 Bf5 4. Bb2 e6 5. h4 h6 6. Nc3 Nf6 7. Ne2 Nbd7 8. Ng3
Bh7 9. d4 Bd6 10. Ne5 Qc7 11. Nxd7 Qxd7 12. Rh3 Rc8 13. Bd3 b6 14. a4 Bxd3 15.
Qxd3 c5 16. dxc5 bxc5 17. c4 dxc4 18. Qxc4 Qc6 19. Bxf6 gxf6 20. Ne4 Be7 21.
Rg3 f5 22. Qc3 Rf8 23. Nf6+ Bxf6 24. Qxf6 Qd5 25. Qc3 Rb8 26. Rb1 Rb4 27. Rc1
Rxb3 28. Qxc5 Qxc5 29. Rxc5 Kd7 30. Ke2 Rb4 31. Ra5 Ra8 32. Rg7 Ke7 33. h5 Kf6
34. Rh7 Rh4 35. g4 Rxg4 36. Rb5 Rxa4 37. Rb7 Rf8 38. Rxh6+ Kg5 39. Rh7 a5 40.
f4+ Kg4 41. Rg7+ Kxh5 42. Rb1 Ra2+ 43. Kf3 Kh6 44. Rg3 Rh2 45. Ra1 Ra8 46. Ra4
Kh7 47. e4 fxe4+ 48. Kxe4 Rh5 49. Rc4 Rg8 50. Rd3 Rg4 51. Rd7 Rf5 52. Kf3 Rg6
53. Ke4 Rgf6 54. Ke3 e5 55. fxe5 Rxe5+ 56. Kd4 Re1 57. Ra7 Rf4+ 58. Kd3 Rd1+
59. Ke2 Rxc4 60. Kxd1 Kg6 61. Rxa5 f5 62. Ke2 Kg5 63. Kf3 Rc3+ 64. Kf2 Kg4 65.
Ra2 f4 66. Kg1 Kf3 67. Rf2+ Ke3 68. Kg2 Ke4 69. Ra2 Rd3 70. Rb2 Ra3 71. Re2+
Re3 72. Ra2 Kf5 73. Kf1 0-1

[Event "2. Open Patrimonio de la Humanidad"]
[Site "Alcalá de Henares ESP"]
[Date "2007.10.12"]
[Round "7.30"]
[White "Sanz Esteban, Eduardo"]
[Black "Mansilla Tolosa, Luis E"]
[Result "0-1"]
[WhiteElo "1939"]
[BlackElo "2068"]
[PlyCount "92"]
[EventDate "2007.10.07"]
[EventType "swiss"]
[EventRounds "9"]
[EventCountry "ESP"]
[Source "lmi"]
[SourceDate "2007.10.07"]

1. e4 c5 2. Nc3 d6 3. g3 Nf6 4. Bg2 g6 5. d3 Bg7 6. f4 O-O 7. Nf3 Nc6 8. O-O
Bg4 9. h3 Bxf3 10. Qxf3 Nd4 11. Qf2 e5 12. f5 h6 13. g4 g5 14. h4 gxh4 15. g5
Nh7 16. f6 hxg5 17. fxg7 Kxg7 18. Nd5 f5 19. Qd2 f4 20. c3 Nc6 21. Bh3 Nf6 22.
Nxf6 Rxf6 23. Qg2 g4 24. Bxg4 Rg6 25. Kh2 h3 26. Qe2 Qh4 27. Rg1 Kf6 28. Bxf4
exf4 29. Qf3 Rf8 30. Bf5 Rxg1 31. Rxg1 Ne5 32. Qf1 f3 33. d4 Qf4+ 34. Rg3 cxd4
35. cxd4 Qd2+ 36. Kg1 Qxd4+ 37. Kh1 Qxb2 38. Qxh3 Qc1+ 39. Rg1 Qf4 40. Rd1 Nf7
41. Qg4 Rh8+ 42. Kg1 Qh2+ 43. Kf1 Qe2+ 44. Kg1 Qe3+ 45. Kf1 Rh1+ 46. Qg1 Rxg1#
0-1

[Event "2. Open Patrimonio de la Humanidad"]
[Site "Alcalá de Henares ESP"]
[Date "2007.10.12"]
[Round "7.31"]
[White "Adan Bermudez, Sergio"]
[Black "Montero Garcia, Francisco Javier"]
[Result "1-0"]
[WhiteElo "2054"]
[BlackElo "1935"]
[PlyCount "69"]
[EventDate "2007.10.07"]
[EventType "swiss"]
[EventRounds "9"]
[EventCountry "ESP"]
[Source "lmi"]
[SourceDate "2007.10.07"]

1. c4 Nf6 2. g3 g6 3. Bg2 Bg7 4. Nc3 O-O 5. e4 d6 6. Nge2 e5 7. O-O Nc6 8. d3
h6 9. h3 Kh7 10. Be3 Ng8 11. d4 h5 12. d5 Na5 13. Qd3 b6 14. b4 Nb7 15. Qd2 Bh6
16. f4 f6 17. fxe5 fxe5 18. Rxf8 Qxf8 19. Rf1 Qe7 20. Bxh6 Nxh6 21. Nc1 a6 22.
Nd3 Bd7 23. Qe3 Kg7 24. a3 Rf8 25. Rc1 Nf7 26. Nd1 Qg5 27. h4 Qxe3+ 28. Nxe3
Nh6 29. c5 Bb5 30. cxb6 cxb6 31. Nb2 Rf7 32. a4 Be8 33. Rc8 Rf8 34. Rb8 b5 35.
Rxb7+ 1-0

[Event "2. Open Patrimonio de la Humanidad"]
[Site "Alcalá de Henares ESP"]
[Date "2007.10.12"]
[Round "7.32"]
[White "Manzanares Campillo, Andres"]
[Black "Muñoz Sanchez, Daniel"]
[Result "1/2-1/2"]
[WhiteElo "1926"]
[BlackElo "2046"]
[PlyCount "40"]
[EventDate "2007.10.07"]
[EventType "swiss"]
[EventRounds "9"]
[EventCountry "ESP"]
[Source "lmi"]
[SourceDate "2007.10.07"]

1. Nf3 Nf6 2. c4 g6 3. Nc3 Bg7 4. e4 c5 5. g3 d6 6. Bg2 Bg4 7. d3 Nc6 8. O-O
Qc8 9. Be3 Nd4 10. Bxd4 cxd4 11. Nd5 e5 12. Qa4+ Bd7 13. Nxf6+ Bxf6 14. Qb4 Be7
15. Qd2 O-O 16. Ne1 b5 17. b3 Kg7 18. Rc1 Qd8 19. Ra1 a5 20. Nc2 Qb6 1/2-1/2

[Event "2. Open Patrimonio de la Humanidad"]
[Site "Alcalá de Henares ESP"]
[Date "2007.10.12"]
[Round "7.33"]
[White "Collado Barbas, Alberto"]
[Black "Sanchez-Alarcos Galian, Victor"]
[Result "0-1"]
[WhiteElo "1886"]
[BlackElo "2020"]
[PlyCount "86"]
[EventDate "2007.10.07"]
[EventType "swiss"]
[EventRounds "9"]
[EventCountry "ESP"]
[Source "lmi"]
[SourceDate "2007.10.07"]

1. d4 d6 2. c4 g6 3. Nc3 Bg7 4. e4 Nc6 5. Be3 e5 6. Nf3 Bg4 7. d5 Bxf3 8. gxf3
Nd4 9. Bxd4 exd4 10. Ne2 c5 11. Qa4+ Qd7 12. Qxd7+ Kxd7 13. Rb1 Kc7 14. b4 b6
15. Bh3 Nf6 16. Nf4 Rhe8 17. Kd1 Rad8 18. b5 Bh6 19. Nd3 Nh5 20. Kc2 Nf4 21.
Nxf4 Bxf4 22. a4 Ra8 23. a5 bxa5 24. Ra1 a6 25. Rhb1 axb5 26. Rxb5 a4 27. Rab1
Reb8 28. Bd7 a3 29. Bc6 Rxb5 30. cxb5 Ra5 31. b6+ Kb8 32. h3 Be5 33. Kb3 d3 34.
Ka2 d2 35. Rd1 Bc3 36. f4 f6 37. b7 c4 38. e5 fxe5 39. f5 e4 40. Rg1 Ka7 41.
fxg6 hxg6 42. Rb1 Bb2 43. Rg1 c3 0-1

[Event "2. Open Patrimonio de la Humanidad"]
[Site "Alcalá de Henares ESP"]
[Date "2007.10.12"]
[Round "7.34"]
[White "Garcia Serrano, Jose Manuel"]
[Black "Rodriguez Lopez, Ruben"]
[Result "1-0"]
[WhiteElo "1867"]
[BlackElo "2012"]
[PlyCount "45"]
[EventDate "2007.10.07"]
[EventType "swiss"]
[EventRounds "9"]
[EventCountry "ESP"]
[Source "lmi"]
[SourceDate "2007.10.07"]

1. e4 c5 2. d4 cxd4 3. c3 dxc3 4. Nxc3 Nc6 5. Nf3 e6 6. Bc4 Qc7 7. O-O Nf6 8.
Nb5 Qb8 9. e5 Ng4 10. Nd6+ Bxd6 11. exd6 Nge5 12. Nxe5 Nxe5 13. Bb3 f6 14. Bf4
Ng6 15. Bg3 f5 16. Bxe6 f4 17. Bb3 Rf8 18. Qe2+ Kd8 19. Bh4+ Rf6 20. Bxf6+ gxf6
21. Rad1 a5 22. Qc4 Ne7 23. Qf7 1-0

[Event "2. Open Patrimonio de la Humanidad"]
[Site "Alcalá de Henares ESP"]
[Date "2007.10.12"]
[Round "7.36"]
[White "Cerrato Torrijos, Maria"]
[Black "Tejedor Ariza, Francisco"]
[Result "0-1"]
[WhiteElo "1829"]
[BlackElo "1987"]
[PlyCount "100"]
[EventDate "2007.10.07"]
[EventType "swiss"]
[EventRounds "9"]
[EventCountry "ESP"]
[Source "lmi"]
[SourceDate "2007.10.07"]

1. e4 c5 2. Nf3 e6 3. d4 cxd4 4. Nxd4 Nf6 5. Nc3 Bb4 6. Bd3 Nc6 7. Be3 a6 8.
O-O d5 9. exd5 Nxd5 10. Nxc6 bxc6 11. Nxd5 cxd5 12. Qg4 Bf8 13. Qd4 Qf6 14. Qb6
e5 15. Qb3 Qc6 16. c4 Be6 17. Rac1 d4 18. Bd2 e4 19. Bb1 Bc5 20. Qg3 Bd6 21.
Qxg7 O-O-O 22. b4 Rhg8 23. Qxh7 Rh8 24. Bxe4 Rxh7 25. Bxc6 Bxh2+ 26. Kh1 Bf4+
27. Kg1 Bxd2 28. Rb1 Rdh8 29. g3 Bxc4 30. Rfd1 Bc3 31. a4 Be2 32. Rdc1 Bd3 33.
Rb3 Bc4 34. Rbxc3 dxc3 35. Rxc3 Be6 36. Be4+ Kb8 37. Bxh7 Rxh7 38. b5 a5 39.
Kf1 Rh1+ 40. Ke2 Ra1 41. f4 Rxa4 42. Kd2 Kb7 43. Rc5 Kb6 44. Re5 Rb4 45. f5 Ba2
46. Kc1 Rxb5 47. Re2 Rxf5 48. g4 Rc5+ 49. Kb2 Be6 50. Rg2 Rg5 0-1

[Event "2. Open Patrimonio de la Humanidad"]
[Site "Alcalá de Henares ESP"]
[Date "2007.10.12"]
[Round "7.39"]
[White "Rasskin Friederichs, Ivan"]
[Black "Arauz Alonso, Fernando"]
[Result "0-1"]
[WhiteElo "1781"]
[BlackElo "1965"]
[PlyCount "36"]
[EventDate "2007.10.07"]
[EventType "swiss"]
[EventRounds "9"]
[EventCountry "ESP"]
[Source "lmi"]
[SourceDate "2007.10.07"]

1. e4 c6 2. Nc3 d5 3. Nf3 Bg4 4. h3 Bxf3 5. Qxf3 e6 6. d3 Nd7 7. exd5 cxd5 8.
Bd2 Ngf6 9. g4 Bd6 10. O-O-O Ne5 11. Qe2 O-O 12. f4 Nc6 13. g5 Nd7 14. Qg4 a6
15. h4 Qc7 16. h5 d4 17. Ne4 Rac8 18. Nxd6 Nce5 0-1

[Event "2. Open Patrimonio de la Humanidad"]
[Site "Alcalá de Henares ESP"]
[Date "2007.10.12"]
[Round "7.40"]
[White "Sierra Soria, Maria"]
[Black "Cuadrado Lopez, Francisco Javier"]
[Result "0-1"]
[WhiteElo "1660"]
[BlackElo "1952"]
[PlyCount "100"]
[EventDate "2007.10.07"]
[EventType "swiss"]
[EventRounds "9"]
[EventCountry "ESP"]
[Source "lmi"]
[SourceDate "2007.10.07"]

1. c4 e6 2. Nc3 d5 3. cxd5 exd5 4. d4 Nf6 5. Bg5 c6 6. Nf3 Nbd7 7. e3 h6 8. Bf4
Nh5 9. Be5 Nxe5 10. Nxe5 Nf6 11. Bd3 Bd6 12. Nf3 O-O 13. h3 Re8 14. O-O Ne4 15.
Nd2 f5 16. Bc2 Qh4 17. Nf3 Qf6 18. Ba4 Be6 19. a3 Bf7 20. Qc1 Re7 21. b4 a6 22.
Bd1 g5 23. Nd2 f4 24. Ncxe4 dxe4 25. Nc4 Bc7 26. a4 Kh8 27. b5 axb5 28. Nd2
bxa4 29. Bxa4 Bd5 30. Qb2 fxe3 31. fxe3 Qd6 32. Bb3 Qh2+ 33. Kf2 Bg3+ 34. Ke2
Qxg2+ 35. Kd1 Bxb3+ 36. Kc1 Rxa1+ 37. Qxa1 Re8 38. d5+ Be5 39. Qa3 Bxd5 40.
Rf8+ Rxf8 41. Qxf8+ Kh7 42. Qf5+ Kg8 43. Qxe5 Qxh3 44. Qe8+ Kg7 45. Qe7+ Kg6
46. Qe8+ Kf6 47. Qd8+ Kf7 48. Qc7+ Ke8 49. Qb8+ Ke7 50. Qxb7+ Qd7 0-1

[Event "2. Open Patrimonio de la Humanidad"]
[Site "Alcalá de Henares ESP"]
[Date "2007.10.12"]
[Round "7.42"]
[White "Rodriguez Yague, Fermin"]
[Black "Avendaño Mateos, Jose"]
[Result "1/2-1/2"]
[WhiteElo "1778"]
[BlackElo "1982"]
[PlyCount "76"]
[EventDate "2007.10.07"]
[EventType "swiss"]
[EventRounds "9"]
[EventCountry "ESP"]
[Source "lmi"]
[SourceDate "2007.10.07"]

1. e4 c6 2. d4 d5 3. e5 Bf5 4. Bd3 Bxd3 5. Qxd3 e6 6. Be3 Nd7 7. f4 Qb6 8. b3
c5 9. Ne2 cxd4 10. Bxd4 Bc5 11. c3 Ne7 12. b4 Bxd4 13. Qxd4 Qxd4 14. cxd4 Nb6
15. Na3 Nc4 16. Nb5 O-O 17. g4 a6 18. Nbc3 Ne3 19. Kd2 Nxg4 20. h3 Nh6 21. Rag1
Nhf5 22. Kd3 Rfc8 23. Na4 Rc6 24. Rc1 Rac8 25. Nc5 b6 26. Nxa6 Rc4 27. b5 Ng6
28. Rhf1 Kf8 29. a4 Rxc1 30. Rxc1 Rxc1 31. Nxc1 Nxf4+ 32. Kc3 Ne7 33. a5 Nc8
34. Nb3 bxa5 35. Nxa5 Nxh3 36. Kb4 g5 37. Nb3 Nb6 38. Kc5 Nc4 1/2-1/2

[Event "2. Open Patrimonio de la Humanidad"]
[Site "Alcalá de Henares ESP"]
[Date "2007.10.12"]
[Round "7.43"]
[White "Rodriguez Diaz, Alberto Jose"]
[Black "Garcia Besada, Alberto"]
[Result "1-0"]
[WhiteElo "1938"]
[BlackElo "1846"]
[PlyCount "101"]
[EventDate "2007.10.07"]
[EventType "swiss"]
[EventRounds "9"]
[EventCountry "ESP"]
[Source "lmi"]
[SourceDate "2007.10.07"]

1. e4 e5 2. Nf3 d6 3. Bc4 Be7 4. d3 Nf6 5. Be3 O-O 6. O-O Nc6 7. c3 Na5 8. Bb5
a6 9. Ba4 b5 10. Bc2 c5 11. Nbd2 Ng4 12. a3 Nxe3 13. fxe3 Be6 14. Qe2 Nc6 15.
a4 Qc7 16. axb5 axb5 17. Qf2 b4 18. Nh4 g6 19. Qg3 Bxh4 20. Qxh4 f5 21. exf5
Rxa1 22. Rxa1 gxf5 23. Qh6 Qe7 24. Ra6 Rf6 25. Qg5+ Rg6 26. Qxe7 Nxe7 27. Rxd6
bxc3 28. bxc3 Nd5 29. Bb3 Nc7 30. Rc6 Bxb3 31. Rxg6+ hxg6 32. Nxb3 Nd5 33. Nxc5
Nxc3 34. Kf2 Kf7 35. e4 f4 36. h3 Nb5 37. Nb3 Kf6 38. Kf3 Nc3 39. h4 Nd1 40. d4
exd4 41. Kxf4 d3 42. Nd2 Ke6 43. Kg5 Ke5 44. Kxg6 Nf2 45. h5 Nxe4 46. h6 Nf6
47. g4 Ke6 48. g5 Nd7 49. h7 Ne5+ 50. Kg7 Nf7 51. g6 1-0

[Event "2. Open Patrimonio de la Humanidad"]
[Site "Alcalá de Henares ESP"]
[Date "2007.10.12"]
[Round "7.44"]
[White "Alvarez Escudero, Manuel"]
[Black "Martinez Miura, Enrique"]
[Result "1-0"]
[WhiteElo "1936"]
[BlackElo "1809"]
[PlyCount "91"]
[EventDate "2007.10.07"]
[EventType "swiss"]
[EventRounds "9"]
[EventCountry "ESP"]
[Source "lmi"]
[SourceDate "2007.10.07"]

1. e4 e6 2. d4 d5 3. exd5 exd5 4. Bd3 Bd6 5. h3 Ne7 6. Nf3 Bf5 7. O-O O-O 8.
Re1 Bg6 9. Bg5 f6 10. Bxg6 Nxg6 11. Bd2 Re8 12. Nc3 c6 13. Ne2 Nd7 14. c3 Qc7
15. g3 Re7 16. Kg2 Rae8 17. Neg1 Nb6 18. Rxe7 Rxe7 19. Qc2 Nc4 20. b3 Nxd2 21.
Qxd2 a5 22. Re1 b5 23. Rxe7 Bxe7 24. Qe2 Kf7 25. c4 bxc4 26. bxc4 Qb7 27. h4 a4
28. h5 Nf8 29. Nh4 c5 30. dxc5 dxc4+ 31. Kh2 Qd5 32. Ngf3 Qxc5 33. Qc2 Qb4 34.
Nf5 Bc5 35. N3d4 Bxd4 36. Nxd4 a3 37. Nf5 Qc5 38. Qxc4+ Qxc4 39. Nd6+ Ke6 40.
Nxc4 Kd5 41. Nxa3 Kc5 42. Nc2 Ne6 43. Kg2 Kb5 44. Kf3 Kc4 45. Ke4 Kb5 46. Nd4+
1-0

[Event "2. Open Patrimonio de la Humanidad"]
[Site "Alcalá de Henares ESP"]
[Date "2007.10.12"]
[Round "7.45"]
[White "Sanchez Rodriguez, Jaime"]
[Black "Sierra Bermejo, Gregorio"]
[Result "1-0"]
[WhiteElo "1933"]
[BlackElo "1802"]
[PlyCount "67"]
[EventDate "2007.10.07"]
[EventType "swiss"]
[EventRounds "9"]
[EventCountry "ESP"]
[Source "lmi"]
[SourceDate "2007.10.07"]

1. d4 d5 2. Bg5 Nf6 3. e3 e6 4. Bd3 Nbd7 5. f4 c5 6. c3 Qb6 7. b3 cxd4 8. exd4
Be7 9. Nf3 O-O 10. O-O Re8 11. Nbd2 Nf8 12. Ne5 a6 13. Rf3 Qc7 14. Rg3 g6 15.
Rc1 b5 16. Bh6 Bb7 17. Qc2 Rac8 18. f5 exf5 19. Bxf5 Rcd8 20. Rf1 Bd6 21. Ndf3
Ne4 22. Rg4 Bc8 23. Bxe4 Bxg4 24. Nxg4 dxe4 25. Nf6+ Kh8 26. Nxe8 Rxe8 27. Re1
f5 28. c4 bxc4 29. bxc4 Nd7 30. c5 Be7 31. Ng5 Bxg5 32. Bxg5 Nb6 33. Bf6+ Kg8
34. Qb3+ 1-0

[Event "2. Open Patrimonio de la Humanidad"]
[Site "Alcalá de Henares ESP"]
[Date "2007.10.12"]
[Round "7.46"]
[White "Sierra Soria, Elena"]
[Black "Moreno Molina, Fernando"]
[Result "1/2-1/2"]
[WhiteElo "1743"]
[BlackElo "1930"]
[PlyCount "41"]
[EventDate "2007.10.07"]
[EventType "swiss"]
[EventRounds "9"]
[EventCountry "ESP"]
[Source "lmi"]
[SourceDate "2007.10.07"]

1. c4 Nf6 2. Nf3 c6 3. d4 d5 4. cxd5 cxd5 5. Nc3 Nc6 6. Bg5 Ne4 7. Bd2 Nxd2 8.
Qxd2 Bf5 9. a3 e6 10. e3 Be7 11. Bd3 Bxd3 12. Qxd3 O-O 13. O-O a6 14. Rfc1 Bd6
15. b4 Rc8 16. Na4 Ne7 17. Nc5 Rc7 18. Rc3 Qc8 19. Rac1 b6 20. Nxa6 Rxc3 21.
Rxc3 1/2-1/2

[Event "2. Open Patrimonio de la Humanidad"]
[Site "Alcalá de Henares ESP"]
[Date "2007.10.12"]
[Round "7.47"]
[White "Valencia De Loma, Sergio"]
[Black "Hernandez Del Can, Jose"]
[Result "1-0"]
[WhiteElo "1713"]
[BlackElo "1914"]
[PlyCount "105"]
[EventDate "2007.10.07"]
[EventType "swiss"]
[EventRounds "9"]
[EventCountry "ESP"]
[Source "lmi"]
[SourceDate "2007.10.07"]

1. e4 c5 2. d4 cxd4 3. c3 dxc3 4. Nxc3 a6 5. Bc4 e6 6. Nf3 d6 7. Bf4 Nc6 8. O-O
Qc7 9. Qe2 Be7 10. Rfd1 e5 11. Bg3 Nf6 12. Bh4 O-O 13. Bxf6 Bxf6 14. Nd5 Qd8
15. h3 Be7 16. Qd2 b5 17. Bb3 Bb7 18. Rac1 Nd4 19. Nxd4 Bxd5 20. Bxd5 Bg5 21.
Qd3 Bxc1 22. Bxa8 Qxa8 23. Rxc1 exd4 24. Qxd4 Rd8 25. Qd5 Qb8 26. Rd1 Kf8 27.
e5 Ke7 28. exd6+ Qxd6 29. Qb7+ Rd7 30. Rxd6 Rxb7 31. Rxa6 Rd7 32. Rb6 Rd5 33.
Kf1 Rc5 34. g4 g5 35. b4 Rc1+ 36. Kg2 Rc2 37. Rxb5 Rxa2 38. Rxg5 Kf6 39. Rf5+
Kg6 40. Rb5 Rb2 41. Rb8 h6 42. b5 Kg7 43. b6 Kh7 44. b7 Kg7 45. Kf3 Kf6 46. Ke4
Rb4+ 47. Kd5 Rb1 48. f4 Rd1+ 49. Ke4 Re1+ 50. Kf3 Rb1 51. g5+ hxg5 52. fxg5+
Kg7 53. h4 1-0

[Event "2. Open Patrimonio de la Humanidad"]
[Site "Alcalá de Henares ESP"]
[Date "2007.10.13"]
[Round "8.9"]
[White "Rivas Vila, David"]
[Black "Krivoshey, Sergei"]
[Result "1/2-1/2"]
[WhiteElo "2241"]
[BlackElo "2484"]
[PlyCount "111"]
[EventDate "2007.10.07"]
[EventType "swiss"]
[EventRounds "9"]
[EventCountry "ESP"]
[Source "lmi"]
[SourceDate "2007.10.07"]

1. e4 e6 2. d3 d5 3. Nd2 Nf6 4. g3 dxe4 5. dxe4 e5 6. Bg2 Nc6 7. Ngf3 Bc5 8.
O-O Bg4 9. h3 Bh5 10. c3 a6 11. Qc2 O-O 12. b4 Ba7 13. a4 b5 14. Nb3 Ne8 15.
Nh4 f6 16. Nf5 Nd6 17. g4 Bf7 18. Rd1 Qb8 19. Bf1 Rd8 20. Be3 Bxe3 21. Nxe3 Ne7
22. Nc5 Qb6 23. Rd2 a5 24. axb5 axb4 25. Rxa8 Rxa8 26. cxb4 Ra1 27. Qb2 Ra8 28.
Qc1 h5 29. Nc4 Qb8 30. Na6 Qb7 31. Nxd6 cxd6 32. Qc7 Qxc7 33. Nxc7 Rd8 34. gxh5
Nc8 35. Nd5 Bxd5 36. Rxd5 Nb6 37. Rd1 Kh7 38. Rc1 Kh6 39. Kg2 Kxh5 40. Rc6 Rb8
41. Rxd6 Kg5 42. Kg3 Rb7 43. Be2 Na4 44. Rc6 Nb6 45. Bg4 Na4 46. Rc8 Kg6 47.
Rf8 Kh7 48. Bf5+ g6 49. Bc8 Rxb5 50. Rxf6 Rxb4 51. f3 Nc3 52. Ba6 Rxe4 53. Rc6
Re3 54. Kg2 Kh6 55. Bc4 e4 56. fxe4 1/2-1/2